Các quy định pháp luật mới nhất về kế toán, tài chính, thuế, cổ phần hóa doanh nghiệp

Sách gồm 6 phần trình bày các quy định về quản lý nhà nước, các chính sách hỗ trợ của nhà nước đối với doanh nghiệp, các quy định mới về kế toán, kiểm toán, chế độ khấu hao tài sản cố định ......

Descripció completa

Guardat en:
Dades bibliogràfiques
Format: Llibre
Idioma:Undetermined
Publicat: Hà Nội Lao động - Xã hội 2010
Matèries:
Etiquetes: Afegir etiqueta
Sense etiquetes, Sigues el primer a etiquetar aquest registre!
Thư viện lưu trữ: Trung tâm Học liệu Trường Đại học Cần Thơ
LEADER 01242nam a2200217Ia 4500
001 CTU_153929
008 210402s9999 xx 000 0 und d
020 |c 295000 
082 |a 346.597063 
082 |b C101/2010 
245 0 |a Các quy định pháp luật mới nhất về kế toán, tài chính, thuế, cổ phần hóa doanh nghiệp 
245 0 |c Khải Nguyên sưu tầm và hệ thống hóa 
260 |a Hà Nội 
260 |b Lao động - Xã hội 
260 |c 2010 
520 |a Sách gồm 6 phần trình bày các quy định về quản lý nhà nước, các chính sách hỗ trợ của nhà nước đối với doanh nghiệp, các quy định mới về kế toán, kiểm toán, chế độ khấu hao tài sản cố định ... 
650 |a Accounting,Finance, public,Kế toán,Tài chính, công 
650 |x Law and legislation,Law and legislation,Luật và văn bản quy phạm pháp luật,Luật và văn bản quy phạm pháp luật 
650 |z Vietnam,Vietnam,Việt Nam,Việt Nam 
904 |i Trọng Hải 
980 |a Trung tâm Học liệu Trường Đại học Cần Thơ